000 00478nam a2200193Ia 4500
003 OSt
005 20251010101948.0
008 250729s2005 xx 000 0 und d
020 _a ‎978-8171698394
040 _cAL
041 _aeng
082 _a420.7 DAVT
100 _aDavid A
_9222901
245 _aTeaching english as a secondary school
260 _aNew Delhi
_bCommonwealth Publishers
_c2005
300 _a287p
650 _aEnglish
_9222902
942 _2ddc
_cBED
999 _c235660
_d235660